[Event "19. Sahovski festival "]
[Site "Senta"]
[Date "2015.07.14"]
[Round "5.18"]
[White "Matovic, Mihajlo Z"]
[Black "Bal, Enes Emre"]
[Result "1-0"]
[WhiteElo "2100"]
[BlackElo "1886"]
[PlyCount "75"]
[EventDate "2015.07.11"]

1. e4 c5 2. Nf3 g6 3. c4 Bg7 4. d4 cxd4 5. Nxd4 Nc6 6. Be3 Nf6 7. Nc3 d6 8. Be2
O-O 9. O-O Bd7 10. Rc1 Qa5 11. f3 h5 12. Qd2 Nxd4 13. Bxd4 h4 14. Rfd1 Qh5 15.
h3 Bc6 16. Be3 Nd7 17. b4 b6 18. f4 Qh8 19. e5 Bb7 20. Bg4 e6 21. Qxd6 Rfd8 22.
Qc7 Bxe5 23. fxe5 Qxe5 24. Bf4 Qf6 25. Bh6 Ne5 26. Qxb7 Rxd1+ 27. Rxd1 Rd8 28.
Rxd8+ Qxd8 29. Qe4 Nxg4 30. hxg4 Qf6 31. Bd2 Qd8 32. Qf4 Qd3 33. Ne4 f5 34.
gxf5 exf5 35. Qb8+ Kf7 36. Qc7+ Ke6 37. Ng5+ Kf6 38. Qf7+ 1-0

[Event "19. Sahovski festival "]
[Site "Senta"]
[Date "2015.07.14"]
[Round "5.19"]
[White "Davidovic, Zoran"]
[Black "Bernath, Robert"]
[Result "0-1"]
[WhiteElo "1931"]
[BlackElo "2049"]
[PlyCount "148"]
[EventDate "2015.07.11"]

1. d4 Nf6 2. c4 g6 3. Nc3 d5 4. cxd5 Nxd5 5. e4 Nxc3 6. bxc3 Bg7 7. Nf3 c5 8.
Be3 Qa5 9. Nd2 cxd4 10. Nc4 Qd8 11. cxd4 f5 12. e5 Nc6 13. f4 Be6 14. Rb1 Bd5
15. Kf2 O-O 16. Be2 Rb8 17. h4 h5 18. Qd2 b5 19. Na3 a6 20. Rhc1 e6 21. Kg3 Rf7
22. Rb2 Bf8 23. Nb1 Na5 24. Qe1 Nc4 25. Bxc4 Bxc4 26. Nd2 Bd5 27. Rbc2 Ba3 28.
Rd1 Rc7 29. Rxc7 Qxc7 30. Nb3 Qc6 31. Qd2 b4 32. Nc5 a5 33. Qe2 b3 34. axb3
Bxc5 35. dxc5 Rxb3 36. Kh2 a4 37. Rd3 Qb5 38. Rd2 Qb4 39. Qa6 Rxe3 40. Qc8+ Kg7
41. Qd7+ Kh6 42. Rf2 Qb7 43. Qe8 Kg7 44. Qxa4 Bc6 45. Qa5 Rd3 46. Rd2 Rxd2 47.
Qxd2 Qd7 48. Qf2 Qd5 49. Kh3 Kf7 50. Qg3 Qxc5 51. Qg5 Qe7 52. Qh6 Qf8 53. Qg5
Qg7 54. Qd8 Bd5 55. Kh2 Qg8 56. Qf6+ Ke8 57. Kh3 Qf7 58. Qh8+ Kd7 59. Qb8 Qe7
60. Qg8 Qe8 61. Qg7+ Kc8 62. Qf6 Qc6 63. Qxg6 Bxg2+ 64. Qxg2 Qxg2+ 65. Kxg2 Kd7
66. Kf3 Kc6 67. Ke3 Kc5 68. Kd3 Kd5 69. Kc3 Ke4 70. Kc4 Kxf4 71. Kd4 Kg3 72.
Kc5 f4 73. Kd6 f3 74. Kxe6 f2 0-1

[Event "19. Sahovski festival "]
[Site "Senta"]
[Date "2015.07.14"]
[Round "5.20"]
[White "Ciric, Dragan"]
[Black "Juhasz, Jeno"]
[Result "1-0"]
[WhiteElo "2125"]
[BlackElo "1942"]
[PlyCount "71"]
[EventDate "2015.07.11"]

1. e4 Nc6 2. Nf3 g6 3. Nc3 Bg7 4. d4 d6 5. h3 a6 6. a4 Nf6 7. Be3 O-O 8. Qd2 e5
9. d5 Ne7 10. Be2 Kh8 11. Bh6 Nfg8 12. Bxg7+ Kxg7 13. g4 h6 14. Nh4 Bd7 15. Ng2
c6 16. dxc6 Bxc6 17. Rd1 Nc8 18. f4 Qe7 19. O-O f6 20. f5 g5 21. Bc4 Qc7 22. b3
Nge7 23. Ne3 Qb6 24. Kg2 Qc5 25. Ncd5 Bxd5 26. Bxd5 Nxd5 27. Nxd5 Rd8 28. Rf3
Rd7 29. Rc3 Qa5 30. Qe3 Rb8 31. h4 b5 32. hxg5 hxg5 33. Rh1 Ne7 34. Nxe7 Rxe7
35. Qh3 Kf7 36. Qh5+ 1-0

[Event "19. Sahovski festival "]
[Site "Senta"]
[Date "2015.07.14"]
[Round "5.21"]
[White "Elez, Sinisa"]
[Black "Aleksic, Zvonimir"]
[Result "1-0"]
[WhiteElo "2075"]
[BlackElo "1916"]
[PlyCount "85"]
[EventDate "2015.07.11"]

1. e4 e6 2. d4 d5 3. Nc3 Nf6 4. Bg5 dxe4 5. Nxe4 Nbd7 6. Nf3 Be7 7. Nxf6+ Nxf6
8. Bd3 h6 9. Bh4 b6 10. Ne5 Qd5 11. O-O Bb7 12. Nf3 O-O 13. Bg3 Bd6 14. c4 Qh5
15. Ne5 Qxd1 16. Rfxd1 Rad8 17. h3 c5 18. dxc5 Bxc5 19. Rac1 Rd4 20. b4 Rxd3
21. Nxd3 Be7 22. c5 bxc5 23. bxc5 Bd5 24. Nb4 Rc8 25. Nxd5 Nxd5 26. Bd6 Kf8 27.
Bxe7+ Kxe7 28. Rd4 Kd7 29. Ra4 Rc7 30. Ra6 Nb4 31. Rd6+ Ke7 32. Rd2 g6 33. a3
Nc6 34. Kf1 e5 35. Rc4 Nd4 36. Rb2 Ke6 37. a4 Kd5 38. Rc1 f5 39. a5 Rc6 40. Rb7
Rxc5 41. Rxc5+ Kxc5 42. Rxa7 Nc6 43. Rg7 1-0

[Event "19. Sahovski festival "]
[Site "Senta"]
[Date "2015.07.14"]
[Round "5.22"]
[White "Kalmar, Robert"]
[Black "Csikos, Mihaly"]
[Result "0-1"]
[WhiteElo "1847"]
[BlackElo "2064"]
[PlyCount "92"]
[EventDate "2015.07.11"]

1. c4 e6 2. Nc3 d5 3. e3 Nf6 4. d4 c6 5. Nf3 Nbd7 6. cxd5 exd5 7. Be2 Bd6 8.
O-O O-O 9. Qc2 Re8 10. a3 a5 11. Bd2 Ne4 12. Bd3 f5 13. Ne2 Qf6 14. b4 a4 15.
b5 g5 16. bxc6 bxc6 17. Kh1 g4 18. Nfg1 c5 19. Bxe4 fxe4 20. g3 Ba6 21. Bc3 Bd3
22. Qd2 Qf7 23. Kg2 Rab8 24. Rfe1 cxd4 25. Bxd4 Ne5 26. Bxe5 Bxe5 27. Nd4 Qf6
28. Qa5 Bc4 29. Qd2 Rf8 30. Rab1 Bxd4 31. Rxb8 Rxb8 32. exd4 Rb3 33. Re3 Bd3
34. Qd1 h5 35. Ne2 Bxe2 36. Qxe2 Qf3+ 37. Qxf3 exf3+ 38. Kf1 Rxe3 39. fxe3 Kf7
40. Ke1 Ke6 41. Kd2 Kf6 42. Kd1 Kf5 43. Ke1 Ke4 44. Kd2 f2 45. Ke2 f1=Q+ 46.
Kxf1 Kxe3 0-1

[Event "19. Sahovski festival "]
[Site "Senta"]
[Date "2015.07.14"]
[Round "5.24"]
[White "Penjov, Damjan"]
[Black "Farkas, Sandor I"]
[Result "1/2-1/2"]
[WhiteElo "2022"]
[BlackElo "1863"]
[PlyCount "26"]
[EventDate "2015.07.11"]

1. e4 c5 2. Nf3 d6 3. d4 cxd4 4. Nxd4 Nf6 5. Nc3 a6 6. a4 e5 7. Nb3 Be6 8. Be2
Nbd7 9. O-O Be7 10. Kh1 Rc8 11. Be3 O-O 12. f3 Nb6 13. Qd2 d5 1/2-1/2

[Event "19. Sahovski festival "]
[Site "Senta"]
[Date "2015.07.14"]
[Round "5.26"]
[White "Sarnyai, Daniel"]
[Black "Nestorovic, Katarina"]
[Result "1/2-1/2"]
[WhiteElo "2007"]
[BlackElo "1820"]
[PlyCount "105"]
[EventDate "2015.07.11"]

1. c4 e5 2. Nc3 Nf6 3. Nf3 Nc6 4. d4 exd4 5. Nxd4 Ne5 6. e4 Bb4 7. f3 Bxc3+ 8.
bxc3 d6 9. Be2 O-O 10. O-O b6 11. Bg5 h6 12. Be3 Bd7 13. Qe1 Qe7 14. Kh1 c6 15.
Bd2 Ng6 16. Qf2 d5 17. cxd5 cxd5 18. exd5 Nxd5 19. Bc4 Qc5 20. Bxd5 Qxd5 21.
Qg3 Rac8 22. f4 Ne7 23. Rad1 Nf5 24. Nxf5 Bxf5 25. Be3 Qe6 26. Bd4 Qg6 27. Qf2
Rfe8 28. Rfe1 Bg4 29. Rc1 f6 30. h3 Bd7 31. Kh2 Rxe1 32. Rxe1 Re8 33. Rd1 Bb5
34. Rd2 Re4 35. Be3 Qe8 36. Bd4 Re2 37. Rxe2 Qxe2 38. Qxe2 Bxe2 39. Kg3 Bc4 40.
a3 Kf7 41. Kf2 Ke6 42. g4 g6 43. Ke3 f5 44. Bg7 fxg4 45. hxg4 h5 46. Kf3 Bd5+
47. Kg3 hxg4 48. Kxg4 Be4 49. Bf8 Kd5 50. Kg3 Kc4 51. Bb4 a5 52. Be7 b5 53. Bd8
1/2-1/2

[Event "19. Sahovski festival "]
[Site "Senta"]
[Date "2015.07.14"]
[Round "5.27"]
[White "Ridjicki, Nenad"]
[Black "Kovacs, Arthur Dr"]
[Result "0-1"]
[WhiteElo "1763"]
[BlackElo "2006"]
[PlyCount "98"]
[EventDate "2015.07.11"]

1. e4 c6 2. d4 d5 3. e5 Bf5 4. Nf3 e6 5. Bd3 Bxd3 6. Qxd3 Qa5+ 7. Bd2 Qa6 8.
Qe3 Ne7 9. Nh4 Nd7 10. a4 Ng6 11. Nxg6 hxg6 12. b4 b6 13. Qb3 c5 14. b5 Qb7 15.
c3 c4 16. Qc2 a6 17. bxa6 Qxa6 18. O-O b5 19. a5 Nb6 20. g4 Na4 21. Kg2 Qxa5
22. Bg5 Be7 23. Bxe7 Kxe7 24. f4 Rh4 25. h3 Rah8 26. Rf3 Qb6 27. Na3 Ra8 28.
Rb1 Ra5 29. Kh2 Qa6 30. f5 gxf5 31. gxf5 Re4 32. f6+ gxf6 33. Rxf6 Nxc3 34.
Rbf1 Re2+ 35. Qxe2 Nxe2 36. Rxf7+ Kd8 37. Rf8+ Kd7 38. R1f7+ Kc6 39. Rd8 Nxd4
40. Rd6+ Kc5 41. Rxa6 Rxa6 42. Nb1 Ra1 43. Rf1 b4 44. h4 c3 45. Rc1 c2 46.
Rxc2+ Nxc2 47. Nd2 Nd4 48. h5 Ra2 49. h6 Rxd2+ 0-1

[Event "19. Sahovski festival "]
[Site "Senta"]
[Date "2015.07.14"]
[Round "5.28"]
[White "Lalic, Danka"]
[Black "Dinic, Nenad"]
[Result "1-0"]
[WhiteElo "1788"]
[BlackElo "1995"]
[PlyCount "49"]
[EventDate "2015.07.11"]

1. e4 c5 2. d4 cxd4 3. c3 dxc3 4. Nxc3 Nc6 5. Bc4 g6 6. Nf3 Bg7 7. e5 Nh6 8.
Bf4 e6 9. Ne4 O-O 10. h3 Nf5 11. O-O Qa5 12. Nf6+ Kh8 13. Re1 a6 14. Bd3 Nfe7
15. Ng5 h6 16. Ngh7 Rd8 17. Qc1 Ng8 18. Nxg8 Kxg8 19. Nf6+ Bxf6 20. exf6 g5 21.
Bd2 Qd5 22. Be4 Qd4 23. Bxg5 d5 24. Bh4 dxe4 25. Qxh6 1-0

[Event "19. Sahovski festival "]
[Site "Senta"]
[Date "2015.07.14"]
[Round "5.29"]
[White "Miljkovic, Vukasin"]
[Black "Solymosi, Andras"]
[Result "1/2-1/2"]
[WhiteElo "1744"]
[BlackElo "1965"]
[PlyCount "44"]
[EventDate "2015.07.11"]

1. e4 c5 2. Nc3 Nc6 3. Nf3 d6 4. h3 Nf6 5. Bb5 Bd7 6. d4 cxd4 7. Nxd4 g6 8.
Nxc6 bxc6 9. Bd3 Bg7 10. Ne2 O-O 11. Ng3 d5 12. c3 e5 13. O-O Rb8 14. Qc2 Ne8
15. Be3 Qc7 16. Bc5 Nd6 17. b4 f5 18. f3 f4 19. Nh1 Rf7 20. Rad1 Nc4 21. Bxc4
dxc4 22. Bd6 Qb6+ 1/2-1/2

[Event "19. Sahovski festival "]
[Site "Senta"]
[Date "2015.07.14"]
[Round "5.31"]
[White "Toth, Kazmer"]
[Black "Abel, Istvan"]
[Result "1-0"]
[WhiteElo "1946"]
[BlackElo "1714"]
[PlyCount "131"]
[EventDate "2015.07.11"]

1. d4 f5 2. c4 Nf6 3. Nc3 e6 4. g3 Be7 5. Bg2 O-O 6. Nf3 d6 7. O-O Qe8 8. a3 c6
9. b4 Qh5 10. c5 Nbd7 11. e3 Ng4 12. h3 Ngf6 13. Nh4 Qf7 14. Nf3 Ne4 15. Qc2 d5
16. Ne2 g5 17. Ne1 h5 18. f3 Nef6 19. e4 Nh7 20. e5 Kh8 21. Nd3 Rg8 22. Nf2 b6
23. Bd2 Ba6 24. Rfe1 Bc4 25. Nc1 a5 26. Nb3 a4 27. Nc1 b5 28. Ne2 Raf8 29. Qc1
Rg6 30. Nh1 Rfg8 31. Kh2 Kg7 32. Ng1 Kf8 33. Bf1 Ke8 34. Be2 Rf8 35. Qd1 f4 36.
Bxc4 fxg3+ 37. Nxg3 dxc4 38. Qe2 g4 39. hxg4 hxg4 40. f4 Rh8 41. Kg2 Nhf8 42.
Qe4 Rgh6 43. Be3 Rh2+ 44. Kf1 Nb8 45. Re2 Rxe2 46. N1xe2 Rh3 47. Kg2 Ng6 48.
Rh1 Qh7 49. Kg1 Rxh1+ 50. Nxh1 Qg7 51. f5 Nh4 52. f6 Nf3+ 53. Kf2 Bxf6 54. exf6
Qxf6 55. Qf4 Nd7 56. Qxf6 Nxf6 57. Nhg3 Kf7 58. Nc3 Nd5 59. Nge4 Kg6 60. Nxd5
exd5 61. Nc3 Kf5 62. Ke2 Nh2 63. Bf2 Kf4 64. Nxb5 cxb5 65. c6 g3 66. Bxg3+ 1-0

[Event "19. Sahovski festival "]
[Site "Senta"]
[Date "2015.07.14"]
[Round "5.34"]
[White "Mrzic, Branko"]
[Black "Radin, Vladimir"]
[Result "1-0"]
[WhiteElo "1877"]
[BlackElo "1679"]
[PlyCount "67"]
[EventDate "2015.07.11"]

1. d4 Nf6 2. Nf3 d5 3. c4 e6 4. Nc3 Be7 5. Qc2 O-O 6. Bf4 Nc6 7. e3 a6 8. a3
Nh5 9. Bg3 g6 10. Be2 dxc4 11. Bxc4 b5 12. Be2 Bf6 13. Ne4 Bg7 14. Qxc6 Rb8 15.
Qxc7 Qxc7 16. Bxc7 Ra8 17. Nc5 Nf6 18. Be5 Nd7 19. Bxg7 Kxg7 20. Nxd7 Bxd7 21.
O-O Rfc8 22. Rfc1 Rd8 23. Ne5 Be8 24. Bf3 Rac8 25. Nd3 Rb8 26. b4 Rb6 27. Rc7
Kh6 28. Ne5 Kg7 29. Rac1 Kf8 30. h4 f6 31. Ng4 f5 32. Nf6 h5 33. Rh7 a5 34.
Rcc7 1-0

[Event "19. Sahovski festival "]
[Site "Senta"]
[Date "2015.07.14"]
[Round "5.40"]
[White "Jankov, Danijel"]
[Black "Pajzer, Istvan"]
[Result "0-1"]
[WhiteElo "1471"]
[BlackElo "2026"]
[PlyCount "50"]
[EventDate "2015.07.11"]

1. d4 Nf6 2. c4 g6 3. Nc3 d5 4. cxd5 Nxd5 5. e4 Nxc3 6. bxc3 Bg7 7. Nf3 O-O 8.
Bc4 c5 9. Be3 Bg4 10. Qb3 Bxf3 11. gxf3 cxd4 12. cxd4 Nc6 13. Qxb7 Nxd4 14.
Bxd4 Qxd4 15. Bxf7+ Kh8 16. O-O Qf6 17. Rac1 Qxf7 18. Rc7 Rab8 19. Qxa7 Rb5 20.
Rfc1 Rg5+ 21. Kf1 Qxf3 22. Ke1 Qxe4+ 23. Qe3 Qb4+ 24. Qd2 Rg1+ 25. Ke2 Qxd2+
0-1

[Event "19. Sahovski festival "]
[Site "Senta"]
[Date "2015.07.15"]
[Round "6.1"]
[White "Andrijevic, Milan"]
[Black "Atalik, Suat"]
[Result "0-1"]
[WhiteElo "2268"]
[BlackElo "2564"]
[PlyCount "80"]
[EventDate "2015.07.11"]

1. e4 c5 2. Nf3 d6 3. d4 cxd4 4. Nxd4 Nf6 5. Nc3 a6 6. Be2 Nbd7 7. f4 g6 8. O-O
Bg7 9. a4 O-O 10. Kh1 Re8 11. Nb3 b6 12. Bf3 Bb7 13. Nd5 e6 14. Nc3 Qc7 15. f5
Ne5 16. fxg6 hxg6 17. Qe1 Rac8 18. Qh4 Nh7 19. Be2 Qe7 20. Qf2 Nd7 21. Bd3 Nc5
22. Nxc5 bxc5 23. Bd2 Be5 24. Bc4 Nf6 25. Bf4 Nd7 26. Qe2 Rc6 27. a5 Rb8 28.
Bxe5 Nxe5 29. Na4 Qh4 30. Rae1 Kg7 31. Nb6 Rh8 32. h3 Qg3 33. Qf2 Qxf2 34. Rxf2
Rxb6 35. axb6 Nxc4 36. Rf3 Rb8 37. Rd3 Rd8 38. e5 d5 39. Rb3 d4 40. Kg1 Rd5 0-1

[Event "19. Sahovski festival "]
[Site "Senta"]
[Date "2015.07.15"]
[Round "6.3"]
[White "Markovic, Aleksandar"]
[Black "Arsovic, Goran"]
[Result "1/2-1/2"]
[WhiteElo "2133"]
[BlackElo "2395"]
[PlyCount "100"]
[EventDate "2015.07.11"]

1. e4 c5 2. Nf3 d6 3. Bb5+ Bd7 4. Bxd7+ Nxd7 5. O-O Ngf6 6. Qe2 Rc8 7. b3 g6 8.
Bb2 Bg7 9. c4 e5 10. Nc3 Nf8 11. g3 Ne6 12. Nd5 O-O 13. Ne1 Nxd5 14. exd5 Nd4
15. Bxd4 cxd4 16. d3 f5 17. Ng2 Re8 18. Rae1 Bh6 19. Qc2 b5 20. Re2 Qd7 21.
Rfe1 Kf7 22. f4 Bg7 23. fxe5 dxe5 24. Nh4 Bh6 25. Ng2 Qd6 26. g4 Kg8 27. gxf5
gxf5 28. Nh4 Qf6 29. Nf3 Be3+ 30. Kh1 e4 31. Nd2 Bxd2 32. Qxd2 e3 33. Rg2+ Kh8
34. Qe2 f4 35. Rf1 Qe5 36. Qf3 bxc4 37. bxc4 Rf8 38. Rg4 Rb8 39. c5 Rbd8 40. c6
Qxd5 41. Qxd5 Rxd5 42. Rgxf4 Rxf4 43. Rxf4 Rc5 44. Kg2 Rxc6 45. Rxd4 Rc2+ 46.
Kf1 Rxa2 47. Re4 Kg7 48. Rxe3 Kf6 49. d4 a5 50. Rh3 Rd2 1/2-1/2

[Event "19. Sahovski festival "]
[Site "Senta"]
[Date "2015.07.15"]
[Round "6.4"]
[White "Dermisek, Stipa"]
[Black "Baglan, Esat"]
[Result "1/2-1/2"]
[WhiteElo "2077"]
[BlackElo "2257"]
[PlyCount "103"]
[EventDate "2015.07.11"]

1. d4 d5 2. Nf3 Nf6 3. c4 c6 4. Qc2 dxc4 5. Qxc4 Bf5 6. Nc3 e6 7. g3 Nbd7 8.
Bg2 Be7 9. O-O O-O 10. Nh4 Bc2 11. e4 Nc5 12. dxc5 Bd3 13. Qb4 Bxf1 14. Bxf1 b6
15. Ng2 Bxc5 16. Qc4 Ng4 17. Ne3 Nxe3 18. Bxe3 Bxe3 19. fxe3 Qd2 20. Qe2 Rfd8
21. Kf2 Kf8 22. Rd1 Qxe2+ 23. Kxe2 Rxd1 24. Kxd1 Ke7 25. e5 h5 26. Bg2 Rc8 27.
Bf3 f6 28. exf6+ Kxf6 29. Ke2 g6 30. Be4 g5 31. h3 Ke5 32. Bd3 c5 33. Ba6 Rc7
34. Bc4 Rf7 35. Nb1 g4 36. hxg4 hxg4 37. Nd2 Rh7 38. Nf1 a6 39. Bxa6 Ra7 40.
Bc4 b5 41. Bxb5 Rxa2 42. Nd2 Rxb2 43. Bc4 Rb8 44. Bd3 Rh8 45. Nf1 Kd5 46. Kd2
Rh1 47. Kc3 Rg1 48. e4+ Kd6 49. Kc4 Rg2 50. Kc3 Rf2 51. Nd2 Rg2 52. Nf1 1/2-1/2

[Event "19. Sahovski festival "]
[Site "Senta"]
[Date "2015.07.15"]
[Round "6.5"]
[White "Kumic, Filip"]
[Black "Bratkovic, Sham"]
[Result "1-0"]
[WhiteElo "2253"]
[BlackElo "2152"]
[PlyCount "93"]
[EventDate "2015.07.11"]

1. Nf3 d5 2. c4 c6 3. e3 Nf6 4. Nc3 e6 5. b3 Nbd7 6. Bb2 Bd6 7. Qc2 O-O 8. Be2
a6 9. Rg1 b5 10. g4 bxc4 11. bxc4 Rb8 12. Nd4 Qc7 13. g5 Ne4 14. h4 Ndc5 15.
Nxe4 Nxe4 16. Bd3 e5 17. Nb3 f5 18. gxf6 Nxf6 19. c5 Be7 20. Rg5 d4 21. O-O-O
Be6 22. Rdg1 Rf7 23. f4 Nd5 24. Bxh7+ Kf8 25. Rxe5 Nb4 26. Nxd4 Bxa2 27. Qe4
Bf6 28. Bg6 Bxe5 29. Bxf7 Bxf7 30. fxe5 Na2+ 31. Kd1 Rxb2 32. e6 Bh5+ 33. Ke1
Ke8 34. Nf5 Nb4 35. Nd6+ Kd8 36. Rg5 g6 37. Kf1 Qe7 38. Qd4 Rb1+ 39. Kg2 Kc7
40. Qe5 Nd3 41. Qg3 Ne1+ 42. Kf2 Kd8 43. Rxh5 Qxe6 44. Qg5+ Qe7 45. Rh8+ Kd7
46. Qg4+ Qe6 47. Rh7+ 1-0

[Event "19. Sahovski festival "]
[Site "Senta"]
[Date "2015.07.15"]
[Round "6.6"]
[White "Nagy, Attila N"]
[Black "Lazov, Toni"]
[Result "1-0"]
[WhiteElo "2207"]
[BlackElo "2141"]
[PlyCount "67"]
[EventDate "2015.07.11"]

1. Nf3 Nf6 2. c4 g6 3. g3 Bg7 4. Bg2 O-O 5. O-O d6 6. d4 Nbd7 7. Nc3 e5 8. d5
a5 9. e4 Nc5 10. Ne1 Nfd7 11. Be3 f5 12. Qd2 Nf6 13. Bxc5 dxc5 14. Nd3 Nd7 15.
Nb5 f4 16. f3 b6 17. d6 cxd6 18. Nxf4 exf4 19. Qd5+ Kh8 20. Qxa8 fxg3 21. f4
gxh2+ 22. Kh1 Qh4 23. Nxd6 Nf6 24. Nxc8 Nh5 25. Rf3 Ng3+ 26. Rxg3 Qxg3 27. e5
Qg4 28. Qc6 Rxc8 29. Qxb6 Qxf4 30. e6 Qxc4 31. e7 Re8 32. Rf1 Qg8 33. Qxc5 Qxa2
34. Bd5 1-0

[Event "19. Sahovski festival "]
[Site "Senta"]
[Date "2015.07.15"]
[Round "6.7"]
[White "Todorovic, Jovan"]
[Black "Matovic, Mihajlo Z"]
[Result "1-0"]
[WhiteElo "2402"]
[BlackElo "2100"]
[PlyCount "73"]
[EventDate "2015.07.11"]

1. e4 c5 2. Nf3 d6 3. d4 cxd4 4. Nxd4 Nf6 5. Nc3 a6 6. Be2 e5 7. Nb3 Be7 8. Bg5
Be6 9. Bxf6 Bxf6 10. Qd3 Be7 11. Rd1 Nd7 12. Nd5 Nf6 13. Nxf6+ gxf6 14. O-O Rc8
15. Rfe1 Qc7 16. c3 Qd7 17. Bf3 Qa4 18. Nc1 Bxa2 19. Nxa2 Qxa2 20. Bg4 Rc7 21.
Re2 Qc4 22. Qf3 b5 23. Red2 Rg8 24. Bf5 Rg7 25. Qh5 b4 26. cxb4 Qxb4 27. g3 Rc4
28. Qh6 Kf8 29. Bxh7 Rd4 30. Qh3 Bd8 31. Qh6 Bb6 32. Bf5 Rxd2 33. Rxd2 Kg8 34.
Rc2 Qe1+ 35. Kg2 Bc5 36. Qxf6 Qa5 37. b4 1-0

[Event "19. Sahovski festival "]
[Site "Senta"]
[Date "2015.07.15"]
[Round "6.9"]
[White "Bratkovic, Jakob"]
[Black "Lovas, Miklos"]
[Result "1-0"]
[WhiteElo "2212"]
[BlackElo "2029"]
[PlyCount "73"]
[EventDate "2015.07.11"]

1. e4 c5 2. Nf3 Nc6 3. Bb5 d6 4. O-O Nf6 5. Re1 Bd7 6. c3 e6 7. d4 Be7 8. Qe2
a6 9. Bd3 e5 10. d5 Nb8 11. h3 O-O 12. Nh2 Qb6 13. Kh1 Ne8 14. f4 exf4 15. Bxf4
Nc7 16. Na3 Bb5 17. c4 Be8 18. e5 Nd7 19. Qe4 g6 20. Ng4 dxe5 21. Bxe5 Bf6 22.
Nxf6+ Nxf6 23. Qf4 Nh5 24. Bxc7 Nxf4 25. Bxb6 Nxd3 26. Re3 Nxb2 27. Bxc5 Rc8
28. Bxf8 Kxf8 29. Rb1 Nxc4 30. Nxc4 Rxc4 31. Rxb7 Bb5 32. Ree7 Rf4 33. d6 Rf1+
34. Kh2 Rf2 35. Rb8+ Kg7 36. d7 Bc6 37. Kg1 1-0

[Event "19. Sahovski festival "]
[Site "Senta"]
[Date "2015.07.15"]
[Round "6.10"]
[White "Bernath, Robert"]
[Black "Meszaros, Bela"]
[Result "0-1"]
[WhiteElo "2049"]
[BlackElo "2206"]
[PlyCount "92"]
[EventDate "2015.07.11"]

1. e4 c5 2. Nc3 Nc6 3. f4 d6 4. Nf3 e6 5. Bb5 Bd7 6. d3 Be7 7. O-O Qc7 8. Kh1
Nf6 9. Bd2 O-O 10. Qe1 Nd4 11. Bxd7 Nxd7 12. Rc1 Bf6 13. Nxd4 cxd4 14. Ne2 Qb6
15. b3 Rac8 16. Qg3 Rc5 17. c4 Qd8 18. Qf2 e5 19. f5 Bg5 20. Ng1 Bxd2 21. Qxd2
Nf6 22. Nf3 h6 23. h3 Nh5 24. Kh2 a6 25. Rc2 Qe7 26. Rfc1 Rfc8 27. b4 R5c7 28.
g3 Qd7 29. Qe2 g6 30. c5 dxc5 31. bxc5 Qe7 32. fxg6 fxg6 33. Qd2 Kh7 34. Qb4
Rf8 35. Kg2 Rf6 36. Qc4 Rxf3 37. Kxf3 Qg5 38. Ke2 Qe3+ 39. Kd1 Qf3+ 40. Kd2
Nxg3 41. Re1 Qf2+ 42. Kd1 Nf1 43. Rce2 Ne3+ 44. Rxe3 dxe3 45. Qc1 Qf3+ 46. Re2
Rd7 0-1

[Event "19. Sahovski festival "]
[Site "Senta"]
[Date "2015.07.15"]
[Round "6.11"]
[White "Marjanovics, Gyorgy"]
[Black "Gabric, Goran"]
[Result "1-0"]
[WhiteElo "1939"]
[BlackElo "2164"]
[PlyCount "79"]
[EventDate "2015.07.11"]

1. e4 e5 2. Nf3 Nc6 3. Bb5 Nf6 4. O-O Bc5 5. Nxe5 Nxe5 6. d4 Qe7 7. dxc5 Qxc5
8. Qe2 O-O 9. Nc3 a6 10. Ba4 b5 11. Bb3 Bb7 12. Be3 Qe7 13. Bg5 Neg4 14. Qxg4
Qxe4 15. Qxe4 Nxe4 16. Nxe4 Bxe4 17. Rfe1 Bb7 18. f3 Rfe8 19. Kf2 h6 20. Bf4 c5
21. c3 c4 22. Bc2 Re6 23. Rxe6 fxe6 24. Rd1 d5 25. Bg6 a5 26. Re1 Ra6 27. Be5
b4 28. a3 bxa3 29. bxa3 Rb6 30. Rb1 Rb3 31. Ke3 Ba6 32. Kd4 Kf8 33. Bd6+ Kg8
34. Kc5 a4 35. Kc6 Bb5+ 36. Kc5 Ba6 37. Kd4 Bb5 38. Bc2 Rxb1 39. Bxb1 Kf7 40.
Be5 1-0

[Event "19. Sahovski festival "]
[Site "Senta"]
[Date "2015.07.15"]
[Round "6.12"]
[White "Csikos, Mihaly"]
[Black "Marjanovics, Annamaria"]
[Result "1/2-1/2"]
[WhiteElo "2064"]
[BlackElo "2277"]
[PlyCount "90"]
[EventDate "2015.07.11"]

1. d4 f5 2. c4 Nf6 3. Nc3 g6 4. f3 d6 5. e4 fxe4 6. fxe4 Nbd7 7. Nf3 Bg7 8. Ng5
Nf8 9. Be2 h6 10. Nf3 N8d7 11. Nh4 Nf8 12. O-O Be6 13. Qb3 Qc8 14. Bd3 Bf7 15.
Bd2 N6d7 16. Ne2 e5 17. Rxf7 Kxf7 18. c5+ Ke7 19. cxd6+ cxd6 20. Rc1 Qd8 21.
Nc3 Rc8 22. Qxb7 Ke8 23. Nf3 exd4 24. Nb5 Rxc1+ 25. Bxc1 Ke7 26. Nxa7 Kf6 27.
Qd5 Qc7 28. Nc6 Ne5 29. Nfxe5 dxe5 30. Bd2 Ne6 31. Ba5 Qc8 32. Qxe5+ Kf7 33.
Qd5 Bf6 34. e5 Bg5 35. Bc4 Re8 36. Kh1 Kg7 37. Nxd4 Nxd4 38. Qxd4 Qf5 39. Bc3
Qb1+ 40. Qg1 Qe4 41. e6+ Kh7 42. Bb3 Be3 43. Qd1 Bg5 44. Qd7+ Re7 45. Qd1 Re8
1/2-1/2

[Event "19. Sahovski festival "]
[Site "Senta"]
[Date "2015.07.15"]
[Round "6.13"]
[White "Stojkovska, Monika"]
[Black "Farkas, Tibor"]
[Result "0-1"]
[WhiteElo "2061"]
[BlackElo "2251"]
[PlyCount "72"]
[EventDate "2015.07.11"]

1. e4 c5 2. Nf3 d6 3. d4 cxd4 4. Qxd4 Nc6 5. Bb5 Bd7 6. Bxc6 Bxc6 7. Nc3 e5 8.
Qd3 h6 9. Be3 Nf6 10. O-O-O Be7 11. h3 a6 12. Nh2 Rc8 13. Ng4 Nd7 14. f4 h5 15.
Nh2 Qc7 16. f5 b5 17. Nd5 Bxd5 18. exd5 Bf6 19. Nf3 O-O 20. Nd2 e4 21. Nxe4
Bxb2+ 22. Kxb2 Ne5 23. Qe2 Nc4+ 24. Ka1 Nxe3 25. Qxe3 Rfe8 26. f6 Rxe4 27. Qxe4
Qc3+ 28. Kb1 Rc4 29. Qf5 g6 30. Qf2 a5 31. Rhe1 Qb4+ 32. Kc1 Qa3+ 33. Kd2 Rxc2+
34. Kxc2 Qxa2+ 35. Kd3 Qxf2 36. Rf1 Qxg2 0-1

[Event "19. Sahovski festival "]
[Site "Senta"]
[Date "2015.07.15"]
[Round "6.14"]
[White "Kaszas, Viktor"]
[Black "Jovanovic, Aleksandar D"]
[Result "1-0"]
[WhiteElo "2017"]
[BlackElo "2240"]
[PlyCount "129"]
[EventDate "2015.07.11"]

1. e4 e5 2. Nf3 Nc6 3. d4 exd4 4. Nxd4 g6 5. Nc3 Bg7 6. Be3 Nf6 7. Bc4 O-O 8.
O-O Ne5 9. Bb3 Re8 10. h3 Nc6 11. Nf3 d6 12. Ng5 Rf8 13. f4 Qe7 14. Qd3 h6 15.
Nf3 Re8 16. e5 Bf5 17. Qd2 dxe5 18. fxe5 Nxe5 19. Nxe5 Rad8 20. Bxf7+ Kh7 21.
Rxf5 Rxd2 22. Bxg6+ Kg8 23. Bxd2 Qc5+ 24. Kh1 Rxe5 25. Rxe5 Qxe5 26. Bd3 Nh5
27. Ne4 Qxb2 28. Rf1 Qxa2 29. Rf5 Qa1+ 30. Kh2 Be5+ 31. g3 Ng7 32. Bc4+ Kh7 33.
Rf8 Qa3 34. Ng5+ hxg5 35. Bd3+ Nf5 36. Rxf5 Bxg3+ 37. Kxg3 Kg7 38. Rxg5+ Kf6
39. Rf5+ Ke6 40. Rf3 Qc5 41. Bf5+ Ke5 42. Bd3 Qg1+ 43. Kh4 c5 44. Bc3+ Kd6 45.
Rf6+ Ke7 46. Rf3 a6 47. Bf6+ Kd6 48. Rf5 b5 49. Be5+ Ke6 50. Bg3 c4 51. Re5+
Kf7 52. Rf5+ Ke6 53. Re5+ Kf6 54. Rf5+ Ke7 55. Re5+ Kd8 56. Be4 b4 57. Rd5+ Ke7
58. Re5+ Kd7 59. Bf5+ Kc6 60. Be4+ Kb6 61. Rf5 Qc1 62. Rf6+ Kb5 63. Bc6+ Kb6
64. Be4+ Ka5 65. Bc7+ 1-0

[Event "19. Sahovski festival "]
[Site "Senta"]
[Date "2015.07.15"]
[Round "6.15"]
[White "Kovacs, Arthur Dr"]
[Black "Simonyi, Zoltan"]
[Result "1-0"]
[WhiteElo "2006"]
[BlackElo "2227"]
[PlyCount "163"]
[EventDate "2015.07.11"]

1. d4 d6 2. e4 Nf6 3. Nc3 g6 4. Nf3 Bg7 5. Be2 O-O 6. O-O c6 7. a4 a5 8. h3 Qc7
9. Be3 Nbd7 10. Qd2 Nb6 11. Rad1 Be6 12. b3 Rad8 13. Rfe1 Bc8 14. Bh6 e5 15.
dxe5 dxe5 16. Qe3 Nh5 17. Bxg7 Kxg7 18. Qc5 Nd7 19. Qd6 Qxd6 20. Rxd6 Rfe8 21.
Red1 Nf4 22. Bf1 Ne6 23. Bc4 Kf6 24. Bxe6 Rxe6 25. Rxe6+ Kxe6 26. Rd3 b6 27.
Nb1 Ba6 28. c4 h6 29. Nc3 Rc8 30. Nb1 Nc5 31. Re3 Rd8 32. Nbd2 Nd3 33. g3 Nb4
34. c5 b5 35. axb5 cxb5 36. Rc3 Bb7 37. Kf1 f5 38. Ke2 fxe4 39. Nh4 g5 40. Ng2
Bc6 41. Ne3 Rh8 42. Nd1 Nd3 43. f3 b4 44. Rc2 Rd8 45. Nxe4 Bxe4 46. fxe4 a4 47.
bxa4 b3 48. Rd2 Nc1+ 49. Ke3 Rc8 50. Rd5 Na2 51. Kd2 Rf8 52. Rd3 Rb8 53. Nb2
Nb4 54. Rxb3 Rd8+ 55. Kc3 Nc6 56. Rb6 Kd7 57. Nd3 Kc7 58. Rb1 Rf8 59. Kc4 Rf3
60. h4 Rxg3 61. hxg5 hxg5 62. Rh1 Re3 63. Rh7+ Kd8 64. Kd5 Ne7+ 65. Ke6 Rxd3
66. Rxe7 Rd4 67. Kxe5 Rxa4 68. Rg7 Ra1 69. Rxg5 Kc7 70. Ke6 Rh1 71. Rg7+ Kc6
72. e5 Re1 73. Rg8 Re2 74. Rd8 Re1 75. Kf6 Kxc5 76. e6 Rf1+ 77. Kg7 Re1 78. Kf7
Rf1+ 79. Ke8 Kc6 80. Rd2 Kc7 81. Rc2+ Kd6 82. e7 1-0